000 00810nam a22002297a 4500
003 NUST-PNEC
005 20170116180728.0
008 141108b xxu||||| |||| 00| 0 eng d
020 _a9788131710265
020 _a8131710262
040 _cPNEC
082 _a004.165 MAZ
100 _931
_aMazidi Muhammad Ali
245 _aThe 8051 microcontroller and embedded systems : using Assembly and C
_cMuhammad Ali Mazidi
250 _a2nd ed.
260 _aNew Delhi :
_bPearson/Prentice Hall : Dorling Kindersley,
_cc2008.
300 _axii, 547 p. :
_b ill. ;
_c27 cm.
500 _aIncludes Index
650 _xComputer, MIS
856 _uhttp://www.amazon.com/8051-Microcontrollers-Embedded-Systems/dp/8131710262/ref=sr_1_1?s=books&ie=UTF8&qid=1415438292&sr=1-1&keywords=9788131710265
942 _2ddc
_cBK
999 _c61684
_d61684